Land and resource management plan 1990 and beyond : Gifford Pinchot National Forest.

Bibliographic Details
Corporate Author: United States. Forest Service. Pacific Northwest Region
Format: Government Document Book
Language:English
Published: [Portland, Or.?] : U.S. Dept. of Agriculture, Forest Service, Pacific Northwest Region, [1991?]
Subjects:

MARC

Tag First Indicator Second Indicator Subfields
LEADER 00000cam a2200000 a 4500
001 in00001028542
005 20150928120552.0
008 910720s1991 oruab f000 0 eng d
010 |a (DG91084771  
035 |a (OCoLC)24105745 
035 |9 AFF6669AM 
040 |d GPO  |d DLC  |d UtOrBLW 
043 |a n-us--- 
070 0 |a aSD428.G5G5 
072 0 |a K200 
074 |a 84 
086 0 |a A 13.2:G 36 
088 |a RO-GIP-001-91 
245 0 0 |a Land and resource management plan 1990 and beyond :  |b Gifford Pinchot National Forest. 
264 1 |a [Portland, Or.?] :  |b U.S. Dept. of Agriculture, Forest Service, Pacific Northwest Region,  |c [1991?] 
300 |a 14 pages :  |b illustrations, maps ;  |c 28 cm. 
336 |a text  |b txt  |2 rdacontent 
337 |a unmediated  |b n  |2 rdamedia 
338 |a volume  |b nc  |2 rdacarrier 
500 |a Cover title. 
500 |a Shipping list number: 91-162-P. 
500 |a "RO-GIP-001-91"--P. [3] of cover. 
651 0 |a Gifford Pinchot National Forest (Wash.) 
650 0 |a Forest reserves  |z Washington (State)  |z Gifford Pinchot National Forest. 
650 0 |a Forest management  |z Washington (State)  |z Gifford Pinchot National Forest. 
710 1 |a United States.  |b Forest Service.  |b Pacific Northwest Region. 
740 0 |a Gifford Pinchot National Forest. 
999 |a MARS 
999 f f |s ee11be35-96fa-3f6a-9661-476bc3c2ef8f  |i 285c8bd2-89c0-354a-8b99-92f0051c8c8d  |t 0 
952 f f |p normal  |a Texas A&M University  |b College Station  |c Sterling C. Evans Library  |d Evans: US Documents (Annex 5th floor)  |t 0  |e A 13.2:G 36  |h Superintendent of Documents classification  |i unmediated -- volume  |m A14814887356 
998 f f |a A 13.2:G 36  |t 0  |l Evans: US Documents (Annex 5th floor)